Poznatky z regenerace a přestavby centrálních částí měst. /

Uložené v:
Podrobná bibliografia
Hlavný autor: Krásný, Jan, 1910-1985 (Author)
Médium: Kniha
Jazyk:Czech
Vydané: Praha : Státní nakladatelství technické literatúry, 1986.
Vydanie:1. vyd.
ISBN: (brož.)
Fyzický popis: 113 s.
Tagy: Pridať tag
Žiadne tagy, Buďte prvý kto otaguje tento záznam!

MARC

LEADER 00000nam a2200000 a 4500
001 000209708
005 20101020193241.0
008 040101s1986 xr e czeod
020 |a (brož.) 
040 |a SVKKK  |b slo  |c SVKKK  |e AACR2 
041 0 |a cze 
044 |a xr  |c CZ 
100 1 |a Krásný, Jan,  |d 1910-1985.  |4 aut 
245 1 0 |a Poznatky z regenerace a přestavby centrálních částí měst. /  |c Jan Krásný. 
250 |a 1. vyd. 
260 |a Praha :  |b Státní nakladatelství technické literatúry,  |c 1986. 
300 |a 113 s. 
910 |a svkkk 
998 |a BK 
090 |g SCKHL  |k Sklad Pribinova 3. posch.  |a V.140490  |j 735204  |i 2720945824  |s Povinný výt.